[Event "Quebec-ch qual Quebec"]
[Site "Quebec"]
[Date "2006.05.14"]
[Round "5"]
[White "Champetier, Serge"]
[Black "Audet Bouchard, Nicolas"]
[Result "1-0"]
[WhiteElo "2045"]
[BlackElo "2192"]
[PlyCount "114"]
[EventDate "2006.05.12"]
[EventType "swiss"]
[EventRounds "5"]
[EventCountry "CAN"]
[SourceTitle "EXT 2022"]
[Source "ChessBase"]
[SourceDate "2021.10.06"]
[SourceVersion "1"]
[SourceVersionDate "2021.10.06"]
[SourceQuality "1"]

1. e4 c5 2. Nc3 Nc6 3. f4 g6 4. Nf3 Bg7 5. Bb5 Nd4 6. 0-0 Nxb5 7. Nxb5 d5 8. e5 a6 9. Nc3 b5 10. a3 Bg4 11. h3 Bxf3 12. Qxf3 e6 13. Ne2 Ne7 14. b4 cxb4 15. axb4 Qb6+ 16. Kh1 h5 17. d3 Nf5 18. c4 bxc4 19. dxc4 Rd8 20. Qc3 d4 21. Qd3 Bf8 22. Bd2 Bxb4 23. Bxb4 Qxb4 24. Rxa6 Ne3 25. Rb1 Qxc4 26. Qxc4 Nxc4 27. Nxd4 0-0 28. Nf3 Ne3 29. Kg1 Rc8 30. Kf2 Nd5 31. g3 Rc2+ 32. Kg1 Nc3 33. Nd4 Rd2 34. Rb3 Rc8 35. Nc6 Nd5 36. Rb7 Kg7 37. Rd7 Rb2 38. h4 Nb4 39. Raa7 Rxc6 40. Rxf7+ Kg8 41. Rg7+ Kf8 42. Rgf7+ Ke8 43. Rfc7 Rxc7 44. Rxc7 Nd5 45. Ra7 Rc2 46. Ra8+ Kd7 47. Ra7+ Rc7 48. Ra2 Ne3 49. Ra8 Nf5 50. Rg8 Ne7 51. Ra8 Kc6 52. Ra6+ Kd5 53. Rd6+ Ke4 54. Rxe6 Kf3 55. Kh2 Rc2+ 56. Kg1 Kxg3 57. Kf1 Rc7 1-0

[Event "Quebec Montcalm op 5th"]
[Site "Quebec"]
[Date "2006.02.28"]
[Round "3"]
[White "Auger, Bertrand"]
[Black "Audet Bouchard, Nicolas"]
[Result "1/2-1/2"]
[WhiteElo "2038"]
[BlackElo "2200"]
[PlyCount "60"]
[EventDate "2006.02.16"]
[EventType "swiss"]
[EventRounds "5"]
[EventCountry "CAN"]
[SourceTitle "EXT 2007"]
[Source "ChessBase"]
[SourceDate "2006.11.23"]
[SourceVersion "1"]
[SourceVersionDate "2006.11.23"]
[SourceQuality "1"]

1. Nf3 Nf6 2. g3 c5 3. c4 Nc6 4. Nc3 e6 5. Bg2 d5 6. cxd5 exd5 7. d4 Be6 8. 0-0 Be7 9. dxc5 Bxc5 10. Na4 Be7 11. Be3 b6 12. Nd4 Rc8 13. Rc1 Qd7 14. Nxc6 Rxc6 15. Rxc6 Qxc6 16. Qd4 0-0 17. Rc1 Qd7 18. Qd1 Rc8 19. Rxc8+ Qxc8 20. Nc3 Qd7 21. Bd4 b5 22. a3 a5 23. Qb3 b4 24. axb4 axb4 25. Bxf6 Bxf6 26. Nxd5 Bxd5 27. Bxd5 Bxb2 28. Qxb4 Bf6 29. Qb8+ Qd8 30. Qxd8+ Bxd8 1/2-1/2

[Event "Quebec Carnaval op"]
[Site "Quebec"]
[Date "2006.02.17"]
[Round "1"]
[White "Audet Bouchard, Nicolas"]
[Black "Beaudoin, Stephane"]
[Result "1-0"]
[WhiteElo "2203"]
[BlackElo "1985"]
[PlyCount "49"]
[EventDate "2006.02.17"]
[EventType "swiss"]
[EventRounds "5"]
[EventCountry "CAN"]
[SourceTitle "EXT 2007"]
[Source "ChessBase"]
[SourceDate "2006.11.23"]
[SourceVersion "1"]
[SourceVersionDate "2006.11.23"]
[SourceQuality "1"]

1. e4 g6 2. d4 Bg7 3. Nc3 d6 4. Be3 Nd7 5. f4 b6 6. Nf3 c5 7. Bc4 Nh6 8. Qe2 0-0 9. h3 a6 10. a4 Bb7 11. g4 e6 12. g5 Nf5 13. exf5 cxd4 14. f6 Bxf6 15. gxf6 Qxf6 16. 0-0 dxe3 17. Qxe3 Rac8 18. Bd3 Nc5 19. Qd4 Qe7 20. Ne4 Nxe4 21. Bxe4 d5 22. Bd3 Rc7 23. Ne5 Rfc8 24. Ng4 f5 25. Nh6+ 1-0

[Event "Quebec Montcalm op 5th"]
[Site "Quebec"]
[Date "2006.02.16"]
[Round "1"]
[White "Cournoyer, Dominic"]
[Black "Audet Bouchard, Nicolas"]
[Result "0-1"]
[WhiteElo "1738"]
[BlackElo "2200"]
[PlyCount "86"]
[EventDate "2006.02.16"]
[EventType "swiss"]
[EventRounds "5"]
[EventCountry "CAN"]
[SourceTitle "EXT 2007"]
[Source "ChessBase"]
[SourceDate "2006.11.23"]
[SourceVersion "1"]
[SourceVersionDate "2006.11.23"]
[SourceQuality "1"]

1. d4 Nf6 2. Nc3 d6 3. e4 g6 4. Be3 c6 5. Bd3 Bg7 6. Qd2 Ng4 7. 0-0-0 Nxe3 8. Qxe3 b5 9. e5 0-0 10. h4 dxe5 11. dxe5 Qb6 12. Qxb6 axb6 13. Nf3 b4 14. Ne4 Rxa2 15. Kb1 Ra5 16. Bc4 Bxe5 17. h5 Bg7 18. hxg6 hxg6 19. Neg5 e6 20. Rd3 b5 21. Ba2 c5 22. Rhd1 Nc6 23. Rd6 Bb7 24. Nxe6 Rfa8 25. Nxg7 Rxa2 26. Kc1 Kxg7 27. Rd7 Ra1+ 28. Kd2 Rxd1+ 29. Kxd1 Rd8 30. Rxd8 Nxd8 31. Ne1 c4 32. f3 Kf6 33. c3 b3 34. Ke2 Ke5 35. Ke3 Ne6 36. g3 g5 37. Ng2 f5 38. f4+ Kd6 39. Ne1 gxf4+ 40. gxf4 Be4 41. Nf3 Bxf3 42. Kxf3 Kd5 43. Ke3 Nc5 0-1

[Event "Quebec Montcalm-ch"]
[Site "Quebec"]
[Date "2006.01.07"]
[Round "2"]
[White "Audet Bouchard, Nicolas"]
[Black "Caron, Sebastien"]
[Result "1-0"]
[WhiteElo "2202"]
[BlackElo "1811"]
[PlyCount "63"]
[EventDate "2006.01.06"]
[EventType "swiss"]
[EventRounds "5"]
[EventCountry "CAN"]
[SourceTitle "EXT 2007"]
[Source "ChessBase"]
[SourceDate "2006.11.23"]
[SourceVersion "1"]
[SourceVersionDate "2006.11.23"]
[SourceQuality "1"]

1. e4 c5 2. Nf3 d6 3. d4 cxd4 4. Nxd4 Nf6 5. Nc3 a6 6. Be3 e6 7. f4 Qc7 8. Bd3 Nbd7 9. g4 Nc5 10. g5 Nfd7 11. Qf3 g6 12. 0-0-0 b5 13. Kb1 Bg7 14. Bxb5 axb5 15. Ndxb5 Qa5 16. Nxd6+ Kf8 17. e5 Rb8 18. Bc1 Nb6 19. b3 Bb7 20. Nxb7 Nxb7 21. Qc6 Kg8 22. Qc7 Rc8 23. Qxb7 Rxc3 24. Rd8+ Bf8 25. Qe7 Nd7 26. Qxd7 Qc7 27. Qxc7 Rxc7 28. Ba3 Kg7 29. Rxf8 Rxf8 30. Bxf8+ Kxf8 31. Rd1 Rc3 32. Rd3 1-0